000 00678nam a2200265Ia 4500
003 OSt
005 20221005043122.0
006 a|||||r|||| 00| 0
007 ta
008 221004b |||||||| |||| 00| 0 eng d
020 _a0754622754
024 _a76393
037 _cTextual
040 _aCRL
_cCRL
_beng
041 _2eng
_aeng
082 _aV4x, P3
100 _aSchak David C
_9277483
245 0 _aCivil society in Asia
260 _aEngland
_bAshgate Publishing
_c2003
300 _a229
_ccm.
650 _aHISTORY
700 _a Hudson Wayne
_937249
942 _hV4x, P3
_cTEXL
_2cc
999 _c951325
_d951325